[Event "Elitserien(Kamraterna-Skara)"]
[Site "?"]
[Date "2005.??.??"]
[Round "8"]
[White "Ziegler, Ari"]
[Black "Wengholm, Anders"]
[Result "0-1"]
[WhiteElo "2416"]
[BlackElo "2240"]
[PlyCount "102"]

1. d4 d5 2. c4 e6 3. Nc3 Nf6 4. cxd5 exd5 5. Bg5 Be7 6. e3 O-O 7. Bd3 h6 8.
Bxf6 Bxf6 9. b4 c6 10. Qc2 b6 11. Nge2 Bb7 12. Rb1 Nd7 13. O-O Re8 14. Nc1 a5
15. bxa5 Rxa5 16. Bh7+ Kh8 17. Bf5 Ra6 18. Nd3 Nf8 19. Rb2 Bc8 20. Bxc8 Qxc8
21. Rc1 Qa8 22. Qb1 Nd7 23. Nb4 Ra5 24. Qf5 Re6 25. Rbc2 g6 26. Qh3 Kg7 27. Ne2
c5 28. Nf4 Rd6 29. Qg3 Be7 30. Nbd3 c4 31. Ne5 Rxa2 32. Rxa2 Qxa2 33. Nh5+ Kf8
34. Qf4 Nxe5 35. Qxh6+ Ke8 36. Ng7+ Kd7 37. dxe5 Qb2 38. Qh3+ Re6 39. Rd1 Qxe5
40. Nxe6 fxe6 41. f4 Qh5 42. Qxh5 gxh5 43. Rb1 Kc6 44. Kf2 Bf6 45. Ke2 Kc5 46.
g4 hxg4 47. Rg1 b5 48. Rxg4 b4 49. h4 b3 50. h5 b2 51. Rg1 Kb4 0-1

[Event "Elitserien(Kamraterna-Skara)"]
[Site "?"]
[Date "2005.??.??"]
[Round "8"]
[White "Wallin, Dennis"]
[Black "Winsnes, Rikard"]
[Result "0-1"]
[WhiteElo "2285"]
[BlackElo "2506"]
[PlyCount "92"]

1. d4 Nf6 2. Nf3 g6 3. Bg5 Bg7 4. Nbd2 O-O 5. e4 d5 6. Bd3 dxe4 7. Nxe4 Nxe4 8.
Bxe4 c5 9. c3 cxd4 10. Nxd4 Qb6 11. Nb3 Qc7 12. Be3 Nc6 13. O-O Be6 14. Bxc6
bxc6 15. Qe2 Qe5 16. Rfe1 Bd5 17. c4 Be6 18. Bd4 Qxe2 19. Rxe2 Bxc4 20. Rxe7 a5
21. Bxg7 Kxg7 22. Nc5 a4 23. Re4 Bb5 24. Rd1 Rfd8 25. Red4 Rxd4 26. Rxd4 a3 27.
Rd2 axb2 28. Rxb2 Bc4 29. Nb3 Bxb3 30. Rxb3 Rxa2 31. g3 Ra7 32. Kf1 Kf6 33. Rc3
Rc7 34. Ke2 Ke5 35. Ke3 c5 36. Rc4 Kd5 37. Kd3 Ra7 38. Rf4 f5 39. h4 h5 40. f3
Ra3+ 41. Ke2 Ra2+ 42. Ke3 Ra3+ 43. Kd2 Rb3 44. g4 Rb4 45. gxh5 Rxf4 46. hxg6
Rxh4 0-1

[Event "Elitserien(Kamraterna-Skara)"]
[Site "?"]
[Date "2005.??.??"]
[Round "8"]
[White "Borvander, Tom"]
[Black "Friberg, Hans"]
[Result "0-1"]
[WhiteElo "2245"]
[BlackElo "2191"]
[PlyCount "168"]

1. d4 Nf6 2. c4 e6 3. Nc3 d5 4. Bg5 Be7 5. e3 h6 6. Bh4 O-O 7. Nf3 b6 8. Bxf6
Bxf6 9. Qb3 dxc4 10. Bxc4 Nc6 11. Be2 Bb7 12. Rd1 Qe7 13. O-O Na5 14. Qa4 c5
15. e4 cxd4 16. Nxd4 Rfd8 17. Rfe1 Qc5 18. Nf3 Bxc3 19. bxc3 Rxd1 20. Rxd1 Qxc3
21. e5 Rc8 22. Qd7 Qc7 23. Qxc7 Rxc7 24. h3 Bd5 25. Nd4 Bxa2 26. Nb5 Re7 27.
Rd8+ Kh7 28. Bd3+ g6 29. Nd6 Nc6 30. Rc8 Nxe5 31. Bb5 g5 32. g3 f5 33. Kf1 a5
34. Rb8 Bb3 35. Rxb6 Ra7 36. Nc8 Rc7 37. Nd6 a4 38. Ra6 Nf7 39. Nxf7 Rxf7 40.
Ke1 Rb7 41. Bxa4 Bc4 42. Rc6 Rb1+ 43. Kd2 Bd5 44. Rc7+ Kg8 45. Bd1 Bg2 46. h4
gxh4 47. gxh4 Rb4 48. h5 Rb7 49. Rc8+ Kg7 50. Rc3 Kf6 51. Ra3 Rd7+ 52. Ke1 f4
53. Bg4 Bd5 54. f3 Rb7 55. Ra4 Kg5 56. Ra6 Rb3 57. Kf2 Re3 58. Ra5 Kh4 59. Ra1
Bc4 60. Rh1+ Kg5 61. Rc1 Re2+ 62. Kg1 Bd5 63. Kf1 Rb2 64. Re1 Bc4+ 65. Kg1 Re2
66. Rc1 Bd5 67. Kf1 Rd2 68. Re1 Kf6 69. Ra1 Ra2 70. Rb1 Kg5 71. Re1 Ra6 72. Kf2
Kf6 73. Rc1 e5 74. Rd1 Ra2+ 75. Kg1 Ra5 76. Re1 Be6 77. Bxe6 Kxe6 78. Re2 Ra1+
79. Kh2 Kf5 80. Kg2 Ra7 81. Kh3 Rg7 82. Kh4 Rg1 83. Rh2 Rf1 84. Rh3 Rf2 0-1

[Event "Elitserien(Kamraterna-Skara)"]
[Site "?"]
[Date "2005.??.??"]
[Round "8"]
[White "Mohammadi, Amir"]
[Black "Madebrink, Lars"]
[Result "1-0"]
[WhiteElo "2244"]
[BlackElo "2228"]
[PlyCount "65"]

1. e4 d5 2. exd5 Qxd5 3. Nc3 Qa5 4. Bc4 Nf6 5. d4 c6 6. h3 Bf5 7. Nf3 e6 8. O-O
Be7 9. a3 Nbd7 10. Re1 O-O 11. Bg5 Rfe8 12. Ne5 Nxe5 13. Rxe5 Qc7 14. Qe2 Bg6
15. Bb3 Rad8 16. Rd1 h6 17. Bh4 Nd5 18. Bxe7 Nxc3 19. bxc3 Qxe7 20. a4 Qc7 21.
Rf1 b6 22. f4 Qc8 23. Re1 Kf8 24. Qf2 Qc7 25. g4 Qd6 26. Qe3 Qd7 27. Qf3 c5 28.
f5 exf5 29. gxf5 Bh7 30. f6 g5 31. Re7 Qf5 32. Rxf7+ Kg8 33. Rxh7+ 1-0

[Event "Elitserien(Kamraterna-Skara)"]
[Site "?"]
[Date "2005.??.??"]
[Round "8"]
[White "Hamark, Jesper"]
[Black "Andersson, Goran"]
[Result "0-1"]
[WhiteElo "2325"]
[BlackElo "2222"]
[PlyCount "44"]

1. Nf3 c5 2. c4 Nc6 3. d4 cxd4 4. Nxd4 g6 5. Nc3 Bg7 6. Nc2 Bxc3+ 7. bxc3 Qa5
8. e4 Qxc3+ 9. Bd2 Qe5 10. Bd3 f5 11. f4 Qe6 12. e5 d6 13. O-O dxe5 14. fxe5
Qxe5 15. Kh1 Nf6 16. Nb4 Nxb4 17. Bxb4 Ng4 18. g3 Bd7 19. Be2 Bc6+ 20. Bf3
Bxf3+ 21. Qxf3 Qb2 22. Qxb7 Qxh2# 0-1

[Event "Elitserien(Eksjo-Astorp)"]
[Site "?"]
[Date "2005.??.??"]
[Round "8"]
[White "Gdanski, Jacek"]
[Black "Hoi, Carsten"]
[Result "1-0"]
[WhiteElo "2596"]
[BlackElo "2375"]
[PlyCount "59"]

1. e4 Nc6 2. Nf3 g6 3. d4 Bg7 4. c3 d6 5. Bc4 Nf6 6. Qe2 e5 7. dxe5 Nxe5 8.
Nxe5 dxe5 9. f3 O-O 10. Bg5 c6 11. Nd2 b5 12. Bb3 a5 13. a4 h6 14. Be3 Ba6 15.
O-O Qc7 16. Rfc1 Rfb8 17. Qf2 Kh7 18. axb5 Rxb5 19. Ra2 Qb7 20. Rca1 Rxb3 21.
Nxb3 Qxb3 22. Rxa5 Qb7 23. b4 Nd7 24. c4 f5 25. b5 f4 26. Bd2 Bf8 27. bxa6 Qb3
28. a7 Qxc4 29. Rc1 Qe6 30. Ra6 1-0

[Event "Elitserien(Eksjo-Astorp)"]
[Site "?"]
[Date "2005.??.??"]
[Round "8"]
[White "Holmsgaard, Henrik"]
[Black "Rothen, Hakan"]
[Result "1/2-1/2"]
[WhiteElo "2309"]
[BlackElo "2380"]
[PlyCount "28"]

1. e4 e6 2. d3 b6 3. Nf3 Bb7 4. g3 d6 5. Bg2 g6 6. O-O Bg7 7. Re1 Ne7 8. d4 Nd7
9. c4 O-O 10. Nc3 e5 11. Be3 c5 12. d5 h6 13. Nh4 a6 14. Qc2 Ra7 1/2-1/2

[Event "Elitserien(Eksjo-Astorp)"]
[Site "?"]
[Date "2005.??.??"]
[Round "8"]
[White "Schussler, Harry"]
[Black "Ivarsson, Stefan"]
[Result "1/2-1/2"]
[WhiteElo "2464"]
[BlackElo "2293"]
[PlyCount "94"]

1. d4 f5 2. g3 Nf6 3. Bg2 g6 4. c3 Bg7 5. Qb3 c6 6. a4 d5 7. Nf3 Ne4 8. O-O Nd7
9. Bf4 O-O 10. a5 e6 11. Nbd2 Nxd2 12. Bxd2 h6 13. c4 a6 14. Bb4 Rf7 15. e3 g5
16. Bd6 Bf6 17. Ne5 Nxe5 18. dxe5 Be7 19. c5 h5 20. f4 g4 21. Kf2 h4 22. Rh1 h3
23. Bf1 Qe8 24. Be2 Bd8 25. Rhd1 Rg7 26. Rd4 Kh7 27. Rb4 Kg8 28. Qa2 Kh7 29.
Rd1 Kg8 30. Rd3 Kh7 31. Rdb3 Kg8 32. Rd4 Kh7 33. Qa4 Kg8 34. Qb4 Kh7 35. Ra3
Kg8 36. Ra2 Kh7 37. Ra4 Kg8 38. Ra1 Kh7 39. Rad1 Kg8 40. Qc3 Kh7 41. Bd3 Kg8
42. b3 Bd7 43. Qb4 Bc8 44. Bc2 Kh8 45. Qd2 Kg8 46. Qb4 Kh8 47. Qd2 Kg8 1/2-1/2

[Event "Elitserien(Eksjo-Astorp)"]
[Site "?"]
[Date "2005.??.??"]
[Round "8"]
[White "Tallinger, Thomas"]
[Black "Andersson, Johan"]
[Result "1-0"]
[WhiteElo "2204"]
[BlackElo "2222"]
[PlyCount "103"]

1. e4 d6 2. f4 Nf6 3. Nc3 d5 4. e5 d4 5. exf6 dxc3 6. fxg7 cxd2+ 7. Qxd2 Qxd2+
8. Bxd2 Bxg7 9. O-O-O Nc6 10. Bc4 Bf5 11. Ne2 Nd4 12. Rde1 Rd8 13. c3 Nxe2+ 14.
Bxe2 Be6 15. Bf3 Bd5 16. Rhf1 h5 17. g3 Bf6 18. b3 b5 19. Bd1 Kf8 20. Re3 Kg7
21. Rfe1 Rd6 22. h3 e6 23. Rg1 Rc6 24. Bc2 Kf8 25. f5 Rg8 26. fxe6 Bxe6 27. Be4
Rc5 28. Rf3 Be5 29. b4 Rc4 30. Bd3 Rc6 31. Bxb5 Rb6 32. a4 Bxh3 33. Kc2 Bg4 34.
Rf2 Rd6 35. Bc4 Be6 36. Bxe6 Rxe6 37. Rf5 h4 38. g4 h3 39. Rh5 h2 40. Re1 f6
41. Rxh2 Rxg4 42. Rh8+ Kf7 43. Rh7+ Rg7 44. Rxg7+ Kxg7 45. Be3 a6 46. Bd4 Kg6
47. Bxe5 Rxe5 48. Rxe5 fxe5 49. a5 c6 50. c4 Kf5 51. b5 cxb5 52. cxb5 1-0

[Event "Elitserien(Eksjo-Astorp)"]
[Site "?"]
[Date "2005.??.??"]
[Round "8"]
[White "Gustafsson, Fredrik"]
[Black "Petersson, Gosta"]
[Result "1-0"]
[WhiteElo "2200"]
[BlackElo "2139"]
[PlyCount "103"]

1. e4 e6 2. d4 d5 3. Nc3 Bb4 4. e5 c5 5. a3 Bxc3+ 6. bxc3 Qc7 7. Qg4 f6 8. Nf3
Nc6 9. Bd3 Qf7 10. Bf4 Nge7 11. h4 h5 12. Qg3 c4 13. Be2 Nf5 14. Qh3 Bd7 15. g4
hxg4 16. Qxg4 O-O-O 17. Bh2 Qh5 18. Qg2 Qh6 19. Rb1 Nce7 20. Qg4 Be8 21. Bf4
Bh5 22. Bxh6 Bxg4 23. Bxg7 Bxf3 24. Bxf3 fxe5 25. Bxh8 Rxh8 26. dxe5 Rxh4 27.
Rxh4 Nxh4 28. Bg4 Nhf5 29. Bxf5 Nxf5 30. Ke2 Kc7 31. f4 Kc6 32. Kd2 b6 33. Rg1
Ne7 34. Rg7 Kd7 35. Rh7 Kd8 36. Rh8+ Kd7 37. Rh6 Nf5 38. Rh7+ Ne7 39. Rh8 Kc7
40. Ke2 a5 41. Rh7 Kd8 42. Kf3 b5 43. Rh8+ Kc7 44. Re8 Kd7 45. Rb8 Kc6 46. Ra8
Nf5 47. Ra6+ Kd7 48. Rxa5 d4 49. Rxb5 Kc6 50. Rb8 dxc3 51. Ke4 Kc5 52. Rc8+ 1-0

[Event "Elitserien(Eksjo-Astorp)"]
[Site "?"]
[Date "2005.??.??"]
[Round "8"]
[White "Josefsson, Kenneth"]
[Black "Krantz, Christopher"]
[Result "0-1"]
[WhiteElo "2018"]
[BlackElo "2112"]
[PlyCount "128"]

1. e4 e6 2. d4 d5 3. e5 c5 4. c3 Qb6 5. a3 Bd7 6. Nf3 cxd4 7. cxd4 Nc6 8. Nc3
Rc8 9. Na4 Qc7 10. Bd3 b5 11. Nc3 b4 12. Ne2 bxa3 13. bxa3 Na5 14. O-O Ne7 15.
Ng5 g6 16. a4 h6 17. Nf3 Rb8 18. Nd2 h5 19. Ra3 Nec6 20. Rc3 Qb6 21. Nf3 Nb4
22. Bb1 Nc4 23. Ng5 Be7 24. Rf3 Bxg5 25. Bxg5 Rc8 26. Bf6 Rg8 27. Rg3 Qa5 28.
Nf4 Bxa4 29. Qe2 Nc6 30. Nxe6 fxe6 31. Rxg6 Rxg6 32. Bxg6+ Kd7 33. Qxh5 Nxd4
34. Qh7+ Kc6 35. Qe7 Rc7 36. Qf8 Kb7 37. Rb1+ Nb6 38. h4 Bc2 39. Bxc2 Rxc2 40.
Qe7+ Ka6 41. h5 Qa2 42. Rf1 Nf5 43. Qb4 Rc4 44. Qb1 Qe2 45. Qd1 Qxd1 46. Rxd1
Nd7 47. f3 Nxf6 48. exf6 Rf4 49. f7 Ne3 50. Rd3 Nc4 51. g4 Rxf7 52. Kg2 Kb6 53.
Kg3 Kc6 54. f4 Kd6 55. g5 Ke7 56. Rb3 Kf8 57. h6 Nb6 58. g6 Rf6 59. g7+ Kg8 60.
Ra3 Rxh6 61. Kf2 Kxg7 62. Rxa7+ Kf6 63. Ke3 Nc4+ 64. Kd4 Rh4 0-1

[Event "Elitserien(Eksjo-Astorp)"]
[Site "?"]
[Date "2005.??.??"]
[Round "8"]
[White "Akvist, Hakan"]
[Black "Sandklef, Ake"]
[Result "1-0"]
[WhiteElo "2116"]
[BlackElo "1889"]
[PlyCount "115"]

1. d4 Nf6 2. c4 e6 3. Nc3 Bb4 4. a3 Bxc3+ 5. bxc3 O-O 6. f3 c5 7. Nh3 b6 8. Bg5
d6 9. e4 Nc6 10. Be2 e5 11. d5 Ne7 12. Nf2 Ne8 13. a4 a5 14. O-O f6 15. Be3 g6
16. f4 exf4 17. Bxf4 g5 18. Bg3 Ng6 19. Bg4 Ng7 20. Bxc8 Rxc8 21. Ng4 h5 22.
Nh6+ Kh7 23. Nf5 Ne5 24. Nxg7 Kxg7 25. Bxe5 fxe5 26. Qxh5 Qe7 27. g3 Rh8 28.
Qg4 Rcf8 29. Kg2 Rxf1 30. Rxf1 Rf8 31. h4 Rxf1 32. Kxf1 Qe8 33. Qxg5+ Kh7 34.
Qf5+ Kg7 35. Qg4+ Kh7 36. Qd1 Qg6 37. Qd3 Qh6 38. Kg2 Qc1 39. Qf3 Qc2+ 40. Kh3
Qxa4 41. Qf7+ Kh8 42. h5 Qd1 43. Qf6+ Kg8 44. Qg6+ Kh8 45. Kh4 Qf3 46. Qxd6
Qxe4+ 47. g4 Qf4 48. Qd8+ Kh7 49. Qd7+ Kh6 50. Qe6+ Kg7 51. Qg6+ Kh8 52. Qf5
Qh2+ 53. Kg5 Kg7 54. Qf6+ Kh7 55. Qf7+ Kh8 56. Kg6 Qc2+ 57. Kh6 Qd2+ 58. g5 1-0

[Event "Elitserien(Limhamn-LASK)"]
[Site "?"]
[Date "2005.??.??"]
[Round "8"]
[White "Ahlander, Bjorn"]
[Black "Tikkanen, Hans"]
[Result "1-0"]
[WhiteElo "2492"]
[BlackElo "2417"]
[PlyCount "69"]

1. d4 g6 2. c4 Bg7 3. Nc3 c5 4. d5 d6 5. e4 Nf6 6. Bg5 O-O 7. Qd2 Qa5 8. Bd3 e6
9. Nge2 Nbd7 10. f4 exd5 11. exd5 a6 12. O-O b5 13. cxb5 Nb6 14. f5 c4 15. fxg6
fxg6 16. b4 Qxb4 17. Bc2 Bg4 18. Rab1 Qa5 19. Rf2 Rae8 20. Ng3 Bd7 21. a4 axb5
22. axb5 Ng4 23. Rxf8+ Rxf8 24. Nge4 Bf5 25. Rd1 Bxe4 26. Nxe4 Qxd2 27. Rxd2
Nf6 28. Nxd6 Nfxd5 29. Nxc4 Bc3 30. Rd1 Nxc4 31. Rxd5 Be1 32. Bb3 Bf2+ 33. Kh1
Rc8 34. Rd8+ Rxd8 35. Bxc4+ 1-0

[Event "Elitserien(Limhamn-LASK)"]
[Site "?"]
[Date "2005.??.??"]
[Round "8"]
[White "Niklasson, Christer"]
[Black "Brynell, Stellan"]
[Result "0-1"]
[WhiteElo "2423"]
[BlackElo "2581"]
[PlyCount "56"]

1. d4 Nf6 2. c4 e6 3. Nc3 Bb4 4. a3 Bxc3+ 5. bxc3 c5 6. e3 b6 7. Bd3 Bb7 8. f3
O-O 9. e4 Ne8 10. Ne2 Nc6 11. O-O d6 12. f4 f5 13. Be3 Rc8 14. Ng3 Ne7 15. Qe2
Qd7 16. a4 Nf6 17. e5 dxe5 18. fxe5 Ng4 19. Bg5 cxd4 20. Bxe7 Qxe7 21. cxd4 Qh4
22. h3 Qxg3 23. hxg4 Bxg2 24. Qxg2 Qxd3 25. Rad1 Qe3+ 26. Kh1 fxg4 27. Rxf8+
Rxf8 28. Qxg4 Rf5 0-1

[Event "Elitserien(Limhamn-LASK)"]
[Site "?"]
[Date "2005.??.??"]
[Round "8"]
[White "Semcesen, Daniel"]
[Black "Eriksson, Magnus"]
[Result "1/2-1/2"]
[WhiteElo "2316"]
[BlackElo "2425"]
[PlyCount "63"]

1. e4 d6 2. Nf3 e5 3. g3 f5 4. d3 Nf6 5. Nc3 g6 6. Bg2 Bg7 7. O-O O-O 8. Bg5 h6
9. Bxf6 Qxf6 10. Nh4 f4 11. Nd5 Qf7 12. Nxg6 Re8 13. Nh4 c6 14. Nc3 Bf6 15. Bf3
Rd8 16. Bh5 Qg7 17. Nf5 Bxf5 18. exf5 fxg3 19. hxg3 d5 20. Kg2 b5 21. Bg6 Nd7
22. Rh1 Nf8 23. Qh5 Bg5 24. Ne2 Nxg6 25. Qxg6 Qxg6 26. fxg6 Rf8 27. Rhf1 Rae8
28. Rae1 Bd2 29. Rd1 Bg5 30. Rde1 Bd2 31. Rd1 Bg5 32. Rde1 1/2-1/2

[Event "Elitserien(Limhamn-LASK)"]
[Site "?"]
[Date "2005.??.??"]
[Round "8"]
[White "Nilsson, Sebastian"]
[Black "Tadjerbashi, Amir"]
[Result "1-0"]
[WhiteElo "2306"]
[BlackElo "2252"]
[PlyCount "81"]

1. e4 e5 2. Nf3 Nc6 3. Nc3 Nf6 4. d4 exd4 5. Nxd4 Bb4 6. Nxc6 bxc6 7. Bd3 d5 8.
exd5 cxd5 9. O-O O-O 10. Bg5 c6 11. Na4 Re8 12. c4 Be6 13. Rc1 h6 14. Bh4 g5
15. Bg3 Ne4 16. Qc2 f5 17. Be5 Bf7 18. f4 g4 19. cxd5 cxd5 20. Bd4 Rc8 21. Qxc8
Qxc8 22. Rxc8 Rxc8 23. a3 Bf8 24. Nc3 Bg7 25. Ne2 Rc7 26. Bxg7 Kxg7 27. Rc1
Rxc1+ 28. Nxc1 Kf6 29. Kf1 Nc5 30. Kf2 d4 31. Ke2 Bd5 32. g3 Bf3+ 33. Kd2 Bd5
34. Ne2 Nb3+ 35. Ke1 a5 36. Bc2 Bc4 37. Bxb3 Bxb3 38. Nxd4 Bd5 39. Kd2 Kg6 40.
Kc3 Kf6 41. Nb3 1-0

[Event "Elitserien(Limhamn-LASK)"]
[Site "?"]
[Date "2005.??.??"]
[Round "8"]
[White "Holst, Conny"]
[Black "Unmack, Christian"]
[Result "1-0"]
[WhiteElo "2246"]
[BlackElo "2248"]
[PlyCount "93"]

1. d4 d5 2. c4 e6 3. Nf3 Nf6 4. Nc3 Nbd7 5. Bg5 Be7 6. e3 O-O 7. Qc2 c5 8. cxd5
Nxd5 9. Bxe7 Qxe7 10. Nxd5 exd5 11. Bd3 g6 12. dxc5 Nxc5 13. O-O Be6 14. Nd4
Rfc8 15. Be2 Ne4 16. Qd3 Qb4 17. a3 Qxb2 18. Nxe6 fxe6 19. Bg4 Rc6 20. Rab1 Qd2
21. Qb5 Nc5 22. Rbc1 Rac8 23. Qb4 Qxb4 24. axb4 h5 25. Bh3 g5 26. f3 g4 27. b5
gxh3 28. bxc6 hxg2 29. Kxg2 Rxc6 30. Rfd1 a5 31. Rc3 Rc7 32. Kh3 a4 33. Rd4 b5
34. Kh4 Kf8 35. Rb4 Na6 36. Rxc7 Nxc7 37. Kxh5 Ke7 38. Kg6 Kd6 39. h4 Kc5 40.
Rb1 a3 41. Rc1+ Kd6 42. h5 e5 43. f4 exf4 44. exf4 b4 45. Ra1 Ne6 46. h6 d4 47.
Kf7 1-0

[Event "Elitserien(Wasa-Farsta)"]
[Site "?"]
[Date "2005.??.??"]
[Round "8"]
[White "Degerman, Lars"]
[Black "Lyrberg, Patrik"]
[Result "0-1"]
[WhiteElo "2462"]
[BlackElo "2573"]
[PlyCount "70"]

1. e4 e6 2. d4 d5 3. Nd2 dxe4 4. Nxe4 Bd7 5. Nf3 Bc6 6. Bd3 Nd7 7. O-O Ngf6 8.
Ned2 b6 9. Re1 Be7 10. b3 Bb7 11. Bb2 c5 12. dxc5 Bxc5 13. Ng5 Be7 14. Nde4 h6
15. Nxf6+ Nxf6 16. Bb5+ Kf8 17. Nf3 Bc5 18. Ne5 Qe7 19. Qd3 Kg8 20. Qe2 h5 21.
h3 Ne4 22. Nd3 Bd6 23. c4 Rh6 24. Red1 Rg6 25. Ne1 a6 26. Ba4 Bh2+ 27. Kh1 Bd6
28. b4 Bxb4 29. Nd3 Qg5 30. Rg1 Nc3 31. Bxc3 Bxg2+ 32. Kh2 Bxc3 33. Bc6 Bf3 34.
Rxg5 Bxe2 35. Rxg6 Rc8 0-1

[Event "Elitserien(Wasa-Farsta)"]
[Site "?"]
[Date "2005.??.??"]
[Round "8"]
[White "Hellborg, Teodor"]
[Black "Hjelm, Niclas"]
[Result "1/2-1/2"]
[WhiteElo "2370"]
[BlackElo "2391"]
[PlyCount "133"]

1. d4 Nf6 2. c4 e6 3. g3 d5 4. Nf3 Bb4+ 5. Bd2 Be7 6. Bg2 O-O 7. O-O c6 8. Qc2
b6 9. Ne5 Ba6 10. Bc3 Nfd7 11. Nxd7 Nxd7 12. cxd5 cxd5 13. Re1 Nf6 14. Qa4 Bb7
15. Bb4 Qe8 16. Qa3 Bxb4 17. Qxb4 Rc8 18. Nc3 Qd7 19. Qa3 Rc6 20. e3 a6 21. Bf1
Rfc8 22. Be2 Qd6 23. Qa4 Ne4 24. Rac1 b5 25. Qb3 Qc7 26. Red1 Nxc3 27. bxc3
Rxc3 28. Rxc3 Qxc3 29. Qb1 Qc2 30. Bd3 Qxb1 31. Rxb1 Rc3 32. Bf1 Rc7 33. Bd3 g6
34. Kf1 Kf8 35. Ke2 Ke7 36. Kd2 Bc6 37. Kc3 a5 38. a3 Rb7 39. h4 h5 40. Rb2 Kd6
41. Rb1 Rb8 42. Rb2 Rb6 43. Rb1 Bd7 44. Rb2 Kc6 45. Rb1 Bc8 46. Rb2 Ba6 47. Bc2
Kd6 48. Rb1 Rc6+ 49. Kd2 e5 50. Bd3 Rb6 51. Rb2 e4 52. Be2 Kc7 53. Rc2+ Rc6 54.
Rxc6+ Kxc6 55. Kc2 Kb6 56. Kb3 Bc8 57. Kc3 Bh3 58. Kb3 Bg2 59. Kc3 Kc6 60. Kb3
Bf3 61. Bf1 Kb6 62. Kc3 Bd1 63. Kd2 Bb3 64. Kc3 Bc4 65. Bg2 f5 66. Bh3 Kc6 67.
Bg2 1/2-1/2

[Event "Elitserien(Wasa-Farsta)"]
[Site "?"]
[Date "2005.??.??"]
[Round "8"]
[White "Backelin, Rikard"]
[Black "Astrom, Goran"]
[Result "1/2-1/2"]
[WhiteElo "2402"]
[BlackElo "2325"]
[PlyCount "35"]

1. e4 c5 2. Nf3 e6 3. b3 Nc6 4. Bb2 Nf6 5. e5 Nd5 6. c4 Nde7 7. g3 d6 8. Bg2
dxe5 9. Nxe5 Nxe5 10. Bxe5 Nf5 11. O-O Bd6 12. d4 Bxe5 13. dxe5 Qc7 14. Re1 Bd7
15. Nc3 Bc6 16. Nb5 Bxb5 17. cxb5 O-O 18. Rc1 1/2-1/2

[Event "Elitserien(Wasa-Farsta)"]
[Site "?"]
[Date "2005.??.??"]
[Round "8"]
[White "Collett, Peter"]
[Black "Jaderberg, Bjorn"]
[Result "1-0"]
[WhiteElo "2261"]
[BlackElo "2291"]
[PlyCount "97"]

1. d4 Nf6 2. c4 e6 3. Nc3 Bb4 4. e3 b6 5. Nge2 Ne4 6. Qc2 Bb7 7. a3 Bxc3+ 8.
Nxc3 Nxc3 9. Qxc3 O-O 10. Bd3 f5 11. O-O Qh4 12. f3 Nc6 13. d5 Ne7 14. dxe6
dxe6 15. b4 Qf6 16. Qxf6 Rxf6 17. Bb2 Rf7 18. Rfd1 Rd8 19. Bc2 Rff8 20. Be5 c6
21. Bc7 Rxd1+ 22. Rxd1 Ng6 23. e4 Bc8 24. a4 e5 25. b5 cxb5 26. axb5 fxe4 27.
Bxe4 Be6 28. Ra1 Bxc4 29. Bc6 Ne7 30. Bd6 Nxc6 31. Bxf8 Bxb5 32. Ba3 Kf7 33.
Rd1 Nd4 34. Kf2 Nc2 35. Bd6 Ba4 36. Bxe5 g6 37. Rd8 h5 38. Ra8 Ke6 39. f4 b5
40. Rxa7 Bb3 41. Ra6+ Kf5 42. Rf6+ Ke4 43. Rxg6 Bd5 44. Rg5 b4 45. Rxh5 Ne3 46.
Ba1 Nc4 47. f5 Bf7 48. Rh7 Nd6 49. Rh4+ 1-0

[Event "Elitserien(Wasa-Farsta)"]
[Site "?"]
[Date "2005.??.??"]
[Round "8"]
[White "Svensk, Ingemar"]
[Black "Berkell, Peder"]
[Result "1/2-1/2"]
[WhiteElo "2292"]
[BlackElo "2242"]
[PlyCount "26"]

1. e4 e5 2. Nf3 Nc6 3. Bb5 Nf6 4. O-O Nxe4 5. d4 Nd6 6. Bxc6 dxc6 7. dxe5 Nf5
8. Qxd8+ Kxd8 9. Nc3 Be6 10. Bg5+ Ke8 11. Rad1 h6 12. Bc1 Bb4 13. Bd2 Bxc3
1/2-1/2

[Event "Elitserien(Passanten-SodraSASS)"]
[Site "?"]
[Date "2005.??.??"]
[Round "8"]
[White "Sanden, Stefan"]
[Black "Welin, Thomas"]
[Result "0-1"]
[WhiteElo "2324"]
[BlackElo "2380"]
[PlyCount "84"]

1. e4 c5 2. Nf3 Nc6 3. d4 cxd4 4. Nxd4 Nf6 5. Nc3 Qb6 6. Nb3 e6 7. Bd3 a6 8.
O-O Be7 9. Kh1 d6 10. f4 Qc7 11. a4 b6 12. Qf3 Bb7 13. Qh3 Nb4 14. Be3 Nd7 15.
Bd4 e5 16. fxe5 dxe5 17. Be3 f6 18. Rad1 Rd8 19. Qh5+ g6 20. Qh6 Bf8 21. Qh3
Be7 22. Qh6 Bf8 23. Qh3 Be7 24. Bh6 Kf7 25. Be2 Bc8 26. Bg4 Nc5 27. Nxc5 bxc5
28. Nd5 Nxd5 29. exd5 Bxg4 30. Qxg4 Qd7 31. Qc4 Bd6 32. Bg5 f5 33. Bxd8 Rxd8
34. Qxa6 e4 35. Qc4 Qe7 36. Qc3 e3 37. Rde1 Re8 38. Re2 Qh4 39. g3 Bxg3 40. Rf3
Bf2 41. Rfxe3 Bxe3 42. Rxe3 Qf2 0-1

[Event "Elitserien(Passanten-SodraSASS)"]
[Site "?"]
[Date "2005.??.??"]
[Round "8"]
[White "Loven, Abders"]
[Black "Lundvik, Jonas"]
[Result "1/2-1/2"]
[WhiteElo "2155"]
[BlackElo "2322"]
[PlyCount "109"]

1. Nf3 d5 2. d4 Nf6 3. c4 e6 4. Bg5 h6 5. Bxf6 Qxf6 6. e3 dxc4 7. Bxc4 a6 8.
Nbd2 Nd7 9. O-O c5 10. Ne4 Qd8 11. dxc5 Bxc5 12. Nxc5 Nxc5 13. Qc2 O-O 14. b4
Nd7 15. Rfd1 Qe7 16. a3 Nf6 17. Ne5 b5 18. Be2 Bb7 19. Qc5 Qxc5 20. bxc5 Rac8
21. Rac1 Rc7 22. c6 Bc8 23. Bf3 g5 24. g4 Kg7 25. Kg2 Ng8 26. Nd7 Rd8 27. Nb6
Rf8 28. Na8 Ra7 29. c7 Ne7 30. Nb6 a5 31. Nxc8 Rxc8 32. Rd7 Ng6 33. Rb1 Nh4+
34. Kg3 Rcxc7 35. Rxc7 Rxc7 36. Rxb5 Rc1 37. Be4 a4 38. Ra5 Rg1+ 39. Kh3 Ng6
40. Bg2 Nh4 41. Be4 Ra1 42. Rxa4 f5 43. gxf5 exf5 44. Bd5 Rg1 45. Ra6 Ng6 46.
Ra7+ Kf8 47. Ra8+ Ke7 48. Ra7+ Kd8 49. Bg2 h5 50. f4 gxf4 51. exf4 Nxf4+ 52.
Kg3 Rxg2+ 53. Kxf4 Rxh2 54. Kxf5 Kc8 55. Kg5 1/2-1/2

[Event "Elitserien(Passanten-SodraSASS)"]
[Site "?"]
[Date "2005.??.??"]
[Round "8"]
[White "Hahlin, Lars-Ola"]
[Black "Johansson, Per"]
[Result "1-0"]
[WhiteElo "2106"]
[BlackElo "2052"]
[PlyCount "75"]

1. d4 d5 2. c4 c6 3. Nf3 Nf6 4. Nc3 dxc4 5. e4 b5 6. a4 b4 7. Na2 a5 8. Bxc4
Ba6 9. Bxa6 Nxa6 10. e5 Nd5 11. e6 f6 12. Nh4 Qd6 13. O-O Qxe6 14. Re1 Qf7 15.
Qc2 Nb8 16. Bd2 g6 17. Re2 Bg7 18. Rae1 O-O 19. Nc1 f5 20. Nf3 Bf6 21. Nd3 Nd7
22. Ng5 Bxg5 23. Bxg5 e5 24. dxe5 Qe6 25. Rd1 Rfc8 26. Nf4 Nxf4 27. Bxf4 Nb6
28. Rd6 Qc4 29. Be3 Qxc2 30. Rxc2 Nd5 31. Bg5 Re8 32. f4 Ne7 33. Rd7 Kf7 34.
Rxc6 h6 35. Bf6 Kf8 36. Rcc7 Nc8 37. Rf7+ Kg8 38. Rg7+ 1-0

[Event "Elitserien(Sollentuna-Rockaden)"]
[Site "?"]
[Date "2005.??.??"]
[Round "8"]
[White "Barkhagen, Jonas"]
[Black "Berg, Emanuel"]
[Result "1/2-1/2"]
[WhiteElo "2538"]
[BlackElo "2610"]
[PlyCount "91"]

1. d4 Nf6 2. c4 e6 3. Nc3 Bb4 4. Qc2 c5 5. dxc5 O-O 6. a3 Bxc5 7. Nf3 Nc6 8.
Bg5 Nd4 9. Nxd4 Bxd4 10. e3 Qa5 11. exd4 Qxg5 12. Qd2 Qxd2+ 13. Kxd2 d6 14. Bd3
b6 15. Rac1 Bb7 16. f3 Rfd8 17. b4 Rac8 18. Rhe1 Ba6 19. Na2 Rc7 20. Rc2 Rdc8
21. Rec1 Kf8 22. b5 Bb7 23. Nb4 g6 24. Ke3 e5 25. dxe5 dxe5 26. Be4 Nxe4 27.
fxe4 f5 28. exf5 gxf5 29. g3 Ke7 30. Rc3 Ke6 31. Nd3 Be4 32. Nb4 Bb7 33. Nd3 e4
34. Nb2 Rd7 35. Na4 Rcd8 36. c5 Rd4 37. c6 Bc8 38. Nb2 R8d5 39. R1c2 Ke5 40.
Rc4 Rxc4 41. Nxc4+ Ke6 42. a4 Rc5 43. Kd4 Rd5+ 44. Ke3 Rc5 45. Kd4 Rd5+ 46. Ke3
1/2-1/2

[Event "Elitserien(Sollentuna-Rockaden)"]
[Site "?"]
[Date "2005.??.??"]
[Round "8"]
[White "Wessman, Rickard"]
[Black "Dzevlan, Miralem"]
[Result "0-1"]
[WhiteElo "2500"]
[BlackElo "2440"]
[PlyCount "63"]

1. d4 Nf6 2. c4 c5 3. Nf3 cxd4 4. Nxd4 e6 5. g3 a6 6. Bg2 Qc7 7. Nd2 Nc6 8.
Nxc6 bxc6 9. b3 d5 10. Bb2 Be7 11. O-O O-O 12. Qc2 Qb6 13. Rac1 a5 14. e3 a4
15. Bd4 Qb4 16. Bc3 Qb6 17. b4 a3 18. Rb1 Bd7 19. Bd4 Qa6 20. e4 Rab8 21. b5
cxb5 22. cxd5 b4 23. Nb3 Bb5 24. d6 Rfc8 25. Qd2 Bxf1 26. Bxf1 Qxd6 27. e5 Qd8
28. exf6 Bxf6 29. Be3 Qxd2 30. Nxd2 Rc2 31. Bc4 Rd8 32. Rd1 0-1